[Event "Grundfos Young Masters"]
[Site "Aarhus"]
[Date "2005.08.18"]
[Round "7"]
[White "Areshchenko, Alexander"]
[Black "Glud, Jakob Vang"]
[Result "1-0"]
[WhiteElo "2625"]
[BlackElo "2313"]
[PlyCount "41"]
[EventDate "2005.08.14"]
[EventType "tourn"]
[EventRounds "9"]
[EventCountry "DEN"]
[EventCategory "10"]
[SourceTitle "CBM 107 Extra"]
[Source "ChessBase"]
[SourceDate "2005.09.01"]

1. e4 e6 2. d4 d5 3. Nc3 Nf6 4. Bg5 Bb4 5. e5 h6 6. Be3 Ne4 7. Qg4 g6 8. a3
Bxc3+ 9. bxc3 Nxc3 10. Bd3 c5 11. dxc5 Nc6 12. Nf3 Qa5 13. O-O Bd7 14. Qh4 Qa4
15. Qf6 Rh7 16. Rfe1 Ne7 17. Nd4 Qa5 18. c6 Bxc6 19. Nxe6 fxe6 20. Bxg6+ Nxg6
21. Qxg6+ 1-0

[Event "Grundfos Young Masters"]
[Site "Aarhus"]
[Date "2005.08.15"]
[Round "2"]
[White "Areshchenko, Alexander"]
[Black "Miton, Kamil"]
[Result "0-1"]
[WhiteElo "2625"]
[BlackElo "2589"]
[PlyCount "93"]
[EventDate "2005.08.14"]
[EventType "tourn"]
[EventRounds "9"]
[EventCountry "DEN"]
[EventCategory "10"]
[SourceTitle "CBM 107 Extra"]
[Source "ChessBase"]
[SourceDate "2005.09.01"]

1. e4 e5 2. Nf3 Nf6 3. Nxe5 d6 4. Nf3 Nxe4 5. d3 Nf6 6. d4 Be7 7. d5 O-O 8. c4
c6 9. Nc3 cxd5 10. cxd5 Qa5 11. Qd4 Re8 12. Be2 Na6 13. a3 Nc7 14. b4 Qb6 15.
Qd1 Nfxd5 16. Nxd5 Nxd5 17. Qxd5 Bf6 18. Rb1 Be6 19. Qd3 Ba2 20. Rb2 Bxb2 21.
Bxb2 d5 22. O-O Qg6 23. Qxg6 hxg6 24. Bb5 Rec8 25. Re1 a5 26. h4 axb4 27. axb4
Bc4 28. Bd7 Rd8 29. Ne5 Ra6 30. Bg4 Ra4 31. Bd4 Ra6 32. Nf3 Raa8 33. Re3 Re8
34. Ne5 Bb5 35. Bf3 Rad8 36. Rc3 Bc4 37. h5 gxh5 38. Bxh5 Re7 39. Rg3 f6 40.
Nxc4 dxc4 41. Bxf6 Re1+ 42. Kh2 Rd7 43. Bc3 Rc1 44. f4 b5 45. Be5 Kf8 46. Ra3
Rd5 47. Ra7 0-1

[Event "Grundfos Young Masters"]
[Site "Aarhus"]
[Date "2005.08.20"]
[Round "9"]
[White "Areshchenko, Alexander"]
[Black "Maze, Sebastien"]
[Result "1-0"]
[WhiteElo "2625"]
[BlackElo "2494"]
[PlyCount "131"]
[EventDate "2005.08.14"]
[EventType "tourn"]
[EventRounds "9"]
[EventCountry "DEN"]
[EventCategory "10"]
[SourceTitle "CBM 107 Extra"]
[Source "ChessBase"]
[SourceDate "2005.09.01"]

1. e4 c5 2. Nf3 Nc6 3. d4 cxd4 4. Nxd4 e5 5. Nb5 d6 6. N1c3 a6 7. Na3 b5 8. Nd5
Nge7 9. c4 Nd4 10. cxb5 Nxd5 11. exd5 Be7 12. Bc4 O-O 13. bxa6 Bxa6 14. O-O Qb6
15. b3 Qc5 16. Bb2 Rfb8 17. Qd3 Bxc4 18. Nxc4 Qxd5 19. Rfd1 Bf6 20. Ne3 Qe6 21.
h3 g6 22. Nc4 h5 23. Bxd4 exd4 24. a4 d5 25. Na3 Qe4 26. Rab1 Qxd3 27. Rxd3 Rb4
28. Nc2 Rb7 29. Na3 Rb4 30. Rc1 Re8 31. Kf1 Rbb8 32. Nb5 Re4 33. Rc6 Kg7 34.
Rc7 Rbe8 35. g3 Re1+ 36. Kg2 Rb1 37. Nxd4 g5 38. Nf5+ Kg6 39. Ne3 d4 40. Nd5
Be5 41. Rc2 g4 42. Re2 f6 43. Nf4+ Kh6 44. Rxd4 Rc8 45. Rc4 Rd8 46. hxg4 hxg4
47. Ne6 Rd6 48. Nc5 f5 49. f3 Rdd1 50. fxg4 Rg1+ 51. Kf3 Rbf1+ 52. Rf2 Rxg3+
53. Ke2 Rxf2+ 54. Kxf2 fxg4 55. Re4 Bc7 56. Re3 Rxe3 57. Kxe3 Bb6 58. b4 Kg5
59. a5 Ba7 60. Ke4 Kh4 61. Nd3 g3 62. Kf3 Kh3 63. b5 Kh2 64. Nf4 Bc5 65. b6 Bd6
66. a6 1-0

[Event "Grundfos Young Masters"]
[Site "Aarhus"]
[Date "2005.08.16"]
[Round "4"]
[White "Areshchenko, Alexander"]
[Black "Pedersen, Christian Kyndel"]
[Result "1-0"]
[WhiteElo "2625"]
[BlackElo "2364"]
[PlyCount "81"]
[EventDate "2005.08.14"]
[EventType "tourn"]
[EventRounds "9"]
[EventCountry "DEN"]
[EventCategory "10"]
[SourceTitle "CBM 107 Extra"]
[Source "ChessBase"]
[SourceDate "2005.09.01"]

1. e4 c5 2. Nf3 d6 3. d4 cxd4 4. Nxd4 Nf6 5. Nc3 a6 6. Be3 e5 7. Nf3 Be7 8. Bc4
O-O 9. O-O Be6 10. Qe2 Qc7 11. Bb3 b5 12. Rfd1 Rc8 13. Rac1 Bc4 14. Qe1 Nbd7
15. Nd2 Bxb3 16. cxb3 Qb7 17. Bg5 Bd8 18. Nf1 b4 19. Bxf6 Nxf6 20. Nd5 Rxc1 21.
Nxf6+ Bxf6 22. Rxc1 a5 23. Rd1 Qc6 24. Rd5 Bg5 25. Qd1 g6 26. g3 Ra6 27. Qf3
Kg7 28. h4 Bc1 29. h5 a4 30. Ne3 Bxe3 31. Qxe3 h6 32. hxg6 fxg6 33. Kg2 axb3
34. Qxb3 Qa4 35. Qd3 Qxa2 36. Qb5 Qa4 37. Qb7+ Kf6 38. Rd3 Ra7 39. Rxd6+ Kg5
40. Qb6 Kh5 41. Rxg6 1-0

[Event "Grundfos Young Masters"]
[Site "Aarhus"]
[Date "2005.08.18"]
[Round "7"]
[White "Balogh, Csaba"]
[Black "Korobov, Anton"]
[Result "1-0"]
[WhiteElo "2537"]
[BlackElo "2554"]
[PlyCount "85"]
[EventDate "2005.08.14"]
[EventType "tourn"]
[EventRounds "9"]
[EventCountry "DEN"]
[EventCategory "10"]
[SourceTitle "CBM 107 Extra"]
[Source "ChessBase"]
[SourceDate "2005.09.01"]

1. e4 c5 2. Nf3 d6 3. d4 cxd4 4. Nxd4 Nf6 5. Nc3 a6 6. Be3 e5 7. Nb3 Be6 8. Qd2
Be7 9. f3 O-O 10. O-O-O Nbd7 11. g4 Nb6 12. Kb1 Rc8 13. h4 Nfd7 14. g5 f5 15.
gxf6 Nxf6 16. f4 Nc4 17. Bxc4 Rxc4 18. Rhg1 Bg4 19. Qg2 Qc8 20. Rd3 h5 21. f5
b5 22. Bg5 Qa8 23. Bxf6 Bxf6 24. Nd5 Bxh4 25. Nd2 Qa7 26. Nxc4 bxc4 27. Rc3 Qd4
28. Ne3 Rb8 29. Nxg4 hxg4 30. Qxg4 Bf6 31. Ka1 d5 32. Rd1 Qb6 33. b3 Qb4 34.
Qh3 Qa3 35. Kb1 Rb5 36. Qh5 Kf8 37. Qh8+ Kf7 38. Qh5+ Ke7 39. exd5 Ra5 40. d6+
Kd8 41. Rxc4 Qxa2+ 42. Kc1 Qa1+ 43. Kd2 1-0

[Event "Grundfos Young Masters"]
[Site "Aarhus"]
[Date "2005.08.17"]
[Round "5"]
[White "Balogh, Csaba"]
[Black "Areshchenko, Alexander"]
[Result "1/2-1/2"]
[WhiteElo "2537"]
[BlackElo "2625"]
[PlyCount "68"]
[EventDate "2005.08.14"]
[EventType "tourn"]
[EventRounds "9"]
[EventCountry "DEN"]
[EventCategory "10"]
[SourceTitle "CBM 107 Extra"]
[Source "ChessBase"]
[SourceDate "2005.09.01"]

1. e4 c5 2. Nf3 d6 3. d4 cxd4 4. Nxd4 Nf6 5. Nc3 a6 6. Be3 e5 7. Nb3 Be6 8. Qd2
Nbd7 9. O-O-O Be7 10. f3 O-O 11. g4 b5 12. g5 b4 13. Ne2 Ne8 14. f4 a5 15. Kb1
a4 16. Nbc1 exf4 17. Nxf4 Bxg5 18. Nxe6 Bxe3 19. Nxd8 Bxd2 20. Rxd2 Rxd8 21.
Rd4 Nef6 22. Rxb4 Nc5 23. Bg2 Rb8 24. Rc4 a3 25. b3 Rfe8 26. Re1 g6 27. Re2 Re5
28. Nd3 Nxd3 29. cxd3 Nd5 30. Kc2 f5 31. Bf3 Nf4 32. Rd2 d5 33. exd5 Nxd5 34.
Bxd5+ Rxd5 1/2-1/2

[Event "Grundfos Young Masters"]
[Site "Aarhus"]
[Date "2005.08.15"]
[Round "2"]
[White "Balogh, Csaba"]
[Black "Palo, Davor"]
[Result "0-1"]
[WhiteElo "2537"]
[BlackElo "2519"]
[PlyCount "94"]
[EventDate "2005.08.14"]
[EventType "tourn"]
[EventRounds "9"]
[EventCountry "DEN"]
[EventCategory "10"]
[SourceTitle "CBM 107 Extra"]
[Source "ChessBase"]
[SourceDate "2005.09.01"]

1. e4 d5 2. exd5 Qxd5 3. Nc3 Qa5 4. d4 c6 5. Bc4 Bf5 6. Nf3 e6 7. Bd2 Nd7 8.
Qe2 Bb4 9. O-O-O Ngf6 10. Ne5 Nxe5 11. dxe5 Nd5 12. Ne4 Bxe4 13. Qxe4 Bxd2+ 14.
Rxd2 O-O-O 15. Rhd1 Nb6 16. Bb3 Nd7 17. f4 Nc5 18. Qc4 Rd5 19. c3 Rhd8 20. Bc2
g6 21. a3 Qb6 22. Qb4 Rxd2 23. Rxd2 Rxd2 24. Kxd2 Qd8+ 25. Ke3 Qd5 26. Kf2 Qd2+
27. Kf3 b6 28. Be4 Kc7 29. Kg4 a5 30. Qc4 Nxe4 31. Qxe4 Qxb2 32. Kg5 Qxc3 33.
Kf6 Qxa3 34. Kxf7 Qb3 35. g4 a4 36. Qd4 a3 37. f5 gxf5 38. gxf5 a2 39. fxe6
Qf3+ 40. Ke7 Qd5 41. Qb2 Qa5 42. Qa1 Qb4+ 43. Ke8 Qb1 44. Qd4 a1=Q 45. Qd7+ Kb8
46. e7 Qxe5 47. Kd8 Qg6 0-1

[Event "Grundfos Young Masters"]
[Site "Aarhus"]
[Date "2005.08.20"]
[Round "9"]
[White "Balogh, Csaba"]
[Black "Kuzubov, Yuriy"]
[Result "1-0"]
[WhiteElo "2537"]
[BlackElo "2535"]
[PlyCount "65"]
[EventDate "2005.08.14"]
[EventType "tourn"]
[EventRounds "9"]
[EventCountry "DEN"]
[EventCategory "10"]
[SourceTitle "CBM 107 Extra"]
[Source "ChessBase"]
[SourceDate "2005.09.01"]

1. e4 c5 2. Nf3 d6 3. Nc3 a6 4. d4 cxd4 5. Nxd4 Nf6 6. Be3 e5 7. Nb3 Be6 8. Qd2
Nbd7 9. O-O-O Qc7 10. f3 h5 11. Kb1 Rc8 12. g3 Be7 13. Qf2 b5 14. Nd5 Bxd5 15.
exd5 O-O 16. Bh3 a5 17. a3 Rb8 18. Qd2 Bd8 19. Qe1 Ra8 20. Rd3 Qb7 21. Nd2 Nb6
22. Bxb6 Bxb6 23. Ne4 Nxe4 24. fxe4 Bd4 25. g4 b4 26. a4 Qd7 27. gxh5 Qxa4 28.
h6 Rfc8 29. Bxc8 Rxc8 30. Qd2 g6 31. Rf1 Rc3 32. Rxc3 bxc3 33. Qg5 1-0

[Event "Grundfos Young Masters"]
[Site "Aarhus"]
[Date "2005.08.16"]
[Round "4"]
[White "Bogner, Sebastian"]
[Black "Balogh, Csaba"]
[Result "1/2-1/2"]
[WhiteElo "2361"]
[BlackElo "2537"]
[PlyCount "108"]
[EventDate "2005.08.14"]
[EventType "tourn"]
[EventRounds "9"]
[EventCountry "DEN"]
[EventCategory "10"]
[SourceTitle "CBM 107 Extra"]
[Source "ChessBase"]
[SourceDate "2005.09.01"]

1. e4 c5 2. Nf3 Nc6 3. Bb5 d6 4. O-O Bd7 5. Re1 Nf6 6. c3 a6 7. Bf1 Bg4 8. h3
Bxf3 9. Qxf3 g6 10. d3 Bg7 11. Be3 O-O 12. Nd2 Nd7 13. Qd1 b5 14. Nf3 b4 15. d4
bxc3 16. bxc3 Qa5 17. Qc2 Rfc8 18. Rec1 Na7 19. Qd3 c4 20. Qc2 d5 21. exd5 Qxd5
22. Re1 Nb6 23. Bf4 Qa5 24. Ne5 Nb5 25. Bd2 Nd6 26. g3 Nd5 27. Rab1 e6 28. f4
Qa3 29. Kh2 Rc7 30. g4 Rac8 31. Bg2 Nb5 32. Rbc1 Qd6 33. Qe4 Na3 34. Re2 Re8
35. Kh1 f6 36. Nxg6 hxg6 37. Qxg6 Ree7 38. Rce1 Nb5 39. f5 exf5 40. Rxe7 Nxe7
41. Qe8+ Bf8 42. gxf5 Nxf5 43. Qg6+ Ng7 44. Bf4 Qxf4 45. Bd5+ Kh8 46. Re8 Qc1+
47. Kh2 Qb2+ 48. Kh1 Qa1+ 49. Kg2 Qb2+ 50. Kh1 Qc1+ 51. Kh2 Qd2+ 52. Kh1 Qd1+
53. Kh2 Qd2+ 54. Kh1 Qc1+ 1/2-1/2

[Event "Grundfos Young Masters"]
[Site "Aarhus"]
[Date "2005.08.16"]
[Round "4"]
[White "Glud, Jakob Vang"]
[Black "Palo, Davor"]
[Result "0-1"]
[WhiteElo "2313"]
[BlackElo "2519"]
[PlyCount "142"]
[EventDate "2005.08.14"]
[EventType "tourn"]
[EventRounds "9"]
[EventCountry "DEN"]
[EventCategory "10"]
[SourceTitle "CBM 107 Extra"]
[Source "ChessBase"]
[SourceDate "2005.09.01"]

1. c4 e5 2. g3 c6 3. d4 Bb4+ 4. Bd2 Bxd2+ 5. Qxd2 d6 6. Nc3 Nf6 7. Bg2 O-O 8.
e3 Be6 9. b3 exd4 10. Qxd4 d5 11. cxd5 Nxd5 12. Nxd5 Bxd5 13. Bxd5 cxd5 14. Ne2
Nc6 15. Qb2 Qe7 16. O-O Qe4 17. Nd4 Nxd4 18. Qxd4 Qxd4 19. exd4 Rfe8 20. Rfe1
Kf8 21. Rac1 Rxe1+ 22. Rxe1 Rc8 23. Re5 Rc2 24. a4 Rc3 25. Rxd5 Rxb3 26. Rd7 g6
27. a5 a6 28. d5 Ke8 29. Rc7 Rd3 30. Rxb7 Rxd5 31. Rb8+ Ke7 32. Rb7+ Kf8 33.
Ra7 Rxa5 34. Kg2 Kg7 35. h4 Kf6 36. g4 Ra3 37. f3 Ra1 38. Kg3 Ra2 39. Kf4 h6
40. Kg3 Ra1 41. Kf4 a5 42. Ra6+ Kg7 43. Ra8 a4 44. Ra7 a3 45. Ra6 a2 46. Ra8
Kf6 47. g5+ Kg7 48. gxh6+ Kxh6 49. Rh8+ Kg7 50. Ra8 Kf6 51. Ra6+ Ke7 52. Ra8 f6
53. Ra7+ Ke6 54. Ra6+ Kd5 55. Ra5+ Kc4 56. Ra3 Kd4 57. Ra4+ Kd3 58. Ra3+ Ke2
59. Re3+ Kf2 60. Ra3 Kg2 61. Kg4 Kh2 62. Kf4 Kh3 63. Ra8 g5+ 64. hxg5 fxg5+ 65.
Kf5 g4 66. fxg4 Rf1+ 67. Ke6 a1=Q 68. Rxa1 Rxa1 69. g5 Rg1 70. Kf6 Kh4 71. g6
Kh5 0-1

[Event "Grundfos Young Masters"]
[Site "Aarhus"]
[Date "2005.08.20"]
[Round "9"]
[White "Glud, Jakob Vang"]
[Black "Korobov, Anton"]
[Result "1/2-1/2"]
[WhiteElo "2313"]
[BlackElo "2554"]
[PlyCount "32"]
[EventDate "2005.08.14"]
[EventType "tourn"]
[EventRounds "9"]
[EventCountry "DEN"]
[EventCategory "10"]
[SourceTitle "CBM 107 Extra"]
[Source "ChessBase"]
[SourceDate "2005.09.01"]

1. c4 e5 2. g3 Nf6 3. Bg2 Nc6 4. Nc3 Bb4 5. Nd5 Bc5 6. e3 O-O 7. a3 d6 8. Ne2
Nxd5 9. cxd5 Ne7 10. O-O Bg4 11. h3 Bh5 12. g4 Bg6 13. d4 Bb6 14. f4 f6 15. Kh1
c6 16. dxe5 fxe5 1/2-1/2

[Event "Grundfos Young Masters"]
[Site "Aarhus"]
[Date "2005.08.15"]
[Round "2"]
[White "Glud, Jakob Vang"]
[Black "Kuzubov, Yuriy"]
[Result "1/2-1/2"]
[WhiteElo "2313"]
[BlackElo "2535"]
[PlyCount "51"]
[EventDate "2005.08.14"]
[EventType "tourn"]
[EventRounds "9"]
[EventCountry "DEN"]
[EventCategory "10"]
[SourceTitle "CBM 107 Extra"]
[Source "ChessBase"]
[SourceDate "2005.09.01"]

1. c4 Nf6 2. g3 c6 3. Bg2 d5 4. Nf3 Bf5 5. cxd5 cxd5 6. Qb3 Qb6 7. Qxb6 axb6 8.
d3 e6 9. Nc3 Nc6 10. O-O h6 11. Bf4 Bc5 12. Nb5 Kd7 13. Ne5+ Nxe5 14. Bxe5 Bg4
15. Rfe1 Bb4 16. Rec1 Rhc8 17. a3 Be7 18. f3 Bh5 19. b4 Rc6 20. Nd4 Rxc1+ 21.
Rxc1 Ne8 22. Nb5 f6 23. Bd4 Bd8 24. Bb2 Nd6 25. Nxd6 Kxd6 26. Kf2 1/2-1/2

[Event "Grundfos Young Masters"]
[Site "Aarhus"]
[Date "2005.08.17"]
[Round "6"]
[White "Glud, Jakob Vang"]
[Black "Balogh, Csaba"]
[Result "1/2-1/2"]
[WhiteElo "2313"]
[BlackElo "2537"]
[PlyCount "137"]
[EventDate "2005.08.14"]
[EventType "tourn"]
[EventRounds "9"]
[EventCountry "DEN"]
[EventCategory "10"]
[SourceTitle "CBM 107 Extra"]
[Source "ChessBase"]
[SourceDate "2005.09.01"]

1. c4 e5 2. g3 Nf6 3. Bg2 h6 4. d3 Bc5 5. Nf3 Nc6 6. O-O d6 7. Nc3 O-O 8. Na4
a5 9. Nxc5 dxc5 10. b3 Re8 11. Ba3 Qd6 12. e3 Nb4 13. d4 e4 14. Ne1 Bg4 15. Qd2
Qd7 16. Bb2 Nc6 17. f3 exf3 18. Nxf3 Ne4 19. Qd3 Nb4 20. Qd1 Rad8 21. a3 Nc6
22. d5 Ne7 23. Qe1 Ng6 24. Qxa5 Bh3 25. Qa7 b6 26. a4 Re7 27. a5 bxa5 28. Qxa5
Rde8 29. Qa4 Qg4 30. Bc1 Nc3 31. Qa5 Ne2+ 32. Kh1 Bxg2+ 33. Kxg2 Nxc1 34. Raxc1
Rxe3 35. Rce1 Nf4+ 36. Kg1 Ne2+ 37. Kg2 Nf4+ 38. Kg1 Ne2+ 39. Kg2 R8e4 40. Qxc7
Rf4 41. Rf2 Rf6 42. Qd8+ Kh7 43. Qxf6 gxf6 44. Rexe2 Rxb3 45. Nd2 Rb6 46. Ne4
f5 47. h3 Qg6 48. Nxc5 Qd6 49. Nd3 Rb3 50. Rf3 Qa6 51. Nf4 Rb4 52. Rd2 Qxc4 53.
Rf1 Rb3 54. Rdf2 Qe4+ 55. Kh2 Qd4 56. Rg2 Kg8 57. Re2 Kf8 58. Rg2 Ke7 59. Re2+
Kd6 60. Rc2 Rb2 61. Rxb2 Qxb2+ 62. Kg1 Qd2 63. Rf2 Qe1+ 64. Kg2 Qe4+ 65. Kh2
Kc5 66. Re2 Qf3 67. Rd2 Kd6 68. Re2 Qf1 69. Rd2 1/2-1/2

[Event "Grundfos Young Masters"]
[Site "Aarhus"]
[Date "2005.08.19"]
[Round "8"]
[White "Korobov, Anton"]
[Black "Areshchenko, Alexander"]
[Result "0-1"]
[WhiteElo "2554"]
[BlackElo "2625"]
[PlyCount "94"]
[EventDate "2005.08.14"]
[EventType "tourn"]
[EventRounds "9"]
[EventCountry "DEN"]
[EventCategory "10"]
[SourceTitle "CBM 107 Extra"]
[Source "ChessBase"]
[SourceDate "2005.09.01"]

1. d4 Nf6 2. c4 g6 3. Nc3 d5 4. cxd5 Nxd5 5. e4 Nxc3 6. bxc3 c5 7. Bc4 Bg7 8.
Ne2 Nc6 9. Be3 O-O 10. O-O Bd7 11. Rb1 Qc7 12. Qc1 a6 13. dxc5 Ne5 14. Bd5 Rab8
15. f4 Ng4 16. Bd4 Bb5 17. Rxb5 axb5 18. e5 Nh6 19. Ng3 Rfd8 20. Bb3 b4 21. Ne4
Qc6 22. Re1 Rbc8 23. h3 Rc7 24. Bf2 bxc3 25. Qxc3 b6 26. a4 bxc5 27. Qxc5 Qb7
28. Qb6 Qc8 29. e6 Rb7 30. exf7+ Nxf7 31. Qe6 Qxe6 32. Bxe6 Kf8 33. a5 Bd4 34.
a6 Ra7 35. Nc5 Bxf2+ 36. Kxf2 Rc7 37. Rc1 Nd6 38. Ke3 Ke8 39. Bd5 Rdc8 40. Bf3
Nb5 41. Be2 Na7 42. Kd4 Rd8+ 43. Kc4 Rxc5+ 44. Kxc5 Rc8+ 45. Kb6 Rxc1 46. Kxa7
Rb1 47. Bd3 Rb4 0-1

[Event "Grundfos Young Masters"]
[Site "Aarhus"]
[Date "2005.08.17"]
[Round "6"]
[White "Korobov, Anton"]
[Black "Pedersen, Christian Kyndel"]
[Result "1-0"]
[WhiteElo "2554"]
[BlackElo "2364"]
[PlyCount "61"]
[EventDate "2005.08.14"]
[EventType "tourn"]
[EventRounds "9"]
[EventCountry "DEN"]
[EventCategory "10"]
[SourceTitle "CBM 107 Extra"]
[Source "ChessBase"]
[SourceDate "2005.09.01"]

1. d4 Nf6 2. c4 g6 3. Nc3 d6 4. Nf3 Bg7 5. e4 O-O 6. Be2 e5 7. O-O Na6 8. d5
Nc5 9. Qc2 a5 10. Bg5 h6 11. Be3 Ne8 12. Nd2 f5 13. f3 f4 14. Bf2 g5 15. a3 h5
16. b4 Na6 17. Qd1 axb4 18. axb4 Bd7 19. c5 dxc5 20. bxc5 c6 21. Nc4 Nac7 22.
Rxa8 Nxa8 23. Qb3 cxd5 24. exd5 Bc8 25. Ra1 Nac7 26. d6 Ne6 27. Nb6 e4 28. Nxc8
Qxc8 29. Bc4 Kf7 30. Nxe4 Bxa1 31. Bxe6+ 1-0

[Event "Grundfos Young Masters"]
[Site "Aarhus"]
[Date "2005.08.16"]
[Round "4"]
[White "Korobov, Anton"]
[Black "Miton, Kamil"]
[Result "1/2-1/2"]
[WhiteElo "2554"]
[BlackElo "2589"]
[PlyCount "84"]
[EventDate "2005.08.14"]
[EventType "tourn"]
[EventRounds "9"]
[EventCountry "DEN"]
[EventCategory "10"]
[SourceTitle "CBM 107 Extra"]
[Source "ChessBase"]
[SourceDate "2005.09.01"]

1. d4 d5 2. c4 c6 3. Nc3 Nf6 4. Nf3 dxc4 5. a4 Bf5 6. Ne5 Nbd7 7. Nxc4 Nb6 8.
Ne5 a5 9. g3 e6 10. Bg2 Bb4 11. O-O O-O 12. e3 h6 13. Qe2 Bh7 14. Rd1 Nfd7 15.
Ng4 f5 16. Ne5 Nxe5 17. dxe5 Qc7 18. f4 Rfd8 19. Bd2 Bg6 20. Be1 Rxd1 21. Nxd1
Qe7 22. Nf2 Rd8 23. b3 Nd5 24. Nd3 Bxe1 25. Rxe1 Qa3 26. Qb2 Qxb2 27. Nxb2 Nb6
28. Bf3 Rd2 29. Re2 Rxe2 30. Bxe2 Kf8 31. Kf2 Be8 32. Bf3 Ke7 33. Ke2 Kd8 34.
e4 fxe4 35. Bxe4 Bh5+ 36. Kd2 Bg4 37. Bg2 Bf5 38. Bf3 Bh7 39. g4 g5 40. fxg5
hxg5 41. Nc4 Nxc4+ 42. bxc4 Kd7 1/2-1/2

[Event "Grundfos Young Masters"]
[Site "Aarhus"]
[Date "2005.08.15"]
[Round "2"]
[White "Korobov, Anton"]
[Black "Maze, Sebastien"]
[Result "1/2-1/2"]
[WhiteElo "2554"]
[BlackElo "2494"]
[PlyCount "86"]
[EventDate "2005.08.14"]
[EventType "tourn"]
[EventRounds "9"]
[EventCountry "DEN"]
[EventCategory "10"]
[SourceTitle "CBM 107 Extra"]
[Source "ChessBase"]
[SourceDate "2005.09.01"]

1. d4 Nf6 2. c4 c5 3. d5 e5 4. Nc3 d6 5. e4 Be7 6. Nf3 O-O 7. Be2 a6 8. O-O Ne8
9. Rb1 f5 10. b4 cxb4 11. Rxb4 f4 12. Ne1 Nf6 13. Nd3 Nbd7 14. Bd2 Qe8 15. f3
Bd8 16. Be1 Bb6+ 17. Rxb6 Nxb6 18. c5 Nc4 19. Bf2 dxc5 20. Nxc5 Nd6 21. N3a4 b5
22. Nb2 Qe7 23. Nbd3 Bd7 24. Qa1 Nc4 25. Rc1 Rfc8 26. Bd1 Ne8 27. Bb3 Ned6 28.
Be1 Be8 29. Kh1 Bf7 30. Bc3 Re8 31. a4 Rac8 32. a5 Qa7 33. Bb4 h5 34. Rg1 Nb7
35. Nxb7 Qxb7 36. g3 Qa7 37. gxf4 Qe3 38. Qf1 exf4 39. d6 Red8 40. Qa1 g6 41.
Qf6 Qxf3+ 42. Rg2 Qf1+ 43. Rg1 Qf3+ 1/2-1/2

[Event "Grundfos Young Masters"]
[Site "Aarhus"]
[Date "2005.08.14"]
[Round "1"]
[White "Korobov, Anton"]
[Black "Bogner, Sebastian"]
[Result "1-0"]
[WhiteElo "2554"]
[BlackElo "2361"]
[PlyCount "67"]
[EventDate "2005.08.14"]
[EventType "tourn"]
[EventRounds "9"]
[EventCountry "DEN"]
[EventCategory "10"]
[SourceTitle "CBM 107 Extra"]
[Source "ChessBase"]
[SourceDate "2005.09.01"]

1. d4 Nf6 2. c4 g6 3. Nc3 Bg7 4. e4 d6 5. Nf3 O-O 6. Be2 e5 7. O-O Nc6 8. d5
Ne7 9. b4 Nh5 10. Re1 f5 11. Ng5 Nf6 12. f3 Nh5 13. c5 Nf4 14. Bc4 Kh8 15. g3
h6 16. gxf4 exf4 17. e5 hxg5 18. exd6 cxd6 19. Bb2 Bd7 20. Qd2 Ng8 21. b5 dxc5
22. d6 Bd4+ 23. Kh1 Nf6 24. Re7 Qa5 25. Rae1 a6 26. Qg2 g4 27. Qd2 g5 28. h4
gxf3 29. hxg5 f2 30. Kg2 fxe1=N+ 31. Qxe1 f3+ 32. Kxf3 Nh5 33. Qh4 Be8 34. Rxe8
1-0

[Event "Grundfos Young Masters"]
[Site "Aarhus"]
[Date "2005.08.19"]
[Round "8"]
[White "Kuzubov, Yuriy"]
[Black "Pedersen, Christian Kyndel"]
[Result "1-0"]
[WhiteElo "2535"]
[BlackElo "2364"]
[PlyCount "91"]
[EventDate "2005.08.14"]
[EventType "tourn"]
[EventRounds "9"]
[EventCountry "DEN"]
[EventCategory "10"]
[SourceTitle "CBM 107 Extra"]
[Source "ChessBase"]
[SourceDate "2005.09.01"]

1. d4 Nf6 2. c4 g6 3. Nc3 Bg7 4. e4 d6 5. Be2 O-O 6. Nf3 e5 7. Be3 Na6 8. d5
Ng4 9. Bg5 f6 10. Bh4 h5 11. Nd2 c5 12. O-O Nh6 13. f3 Nf7 14. a3 Bh6 15. Bf2
b6 16. Qc2 f5 17. exf5 gxf5 18. h4 Nh8 19. f4 Bxf4 20. g3 Bh6 21. Bxh5 Rb8 22.
g4 fxg4 23. Bg3 Bf4 24. Nde4 Rb7 25. Ne2 Rh7 26. Bxf4 exf4 27. Nxf4 Qxh4 28.
Qg2 Rh6 29. Rf2 Bf5 30. Ng3 Nc7 31. Raf1 Rhf6 32. Qh2 Qg5 33. Nxf5 Rxf5 34. Qg3
R5f6 35. Kg2 b5 36. b3 a6 37. a4 b4 38. a5 Qg7 39. Re2 Qg5 40. Re4 Nf7 41. Bxg4
Kh8 42. Rh1+ Rh6 43. Rxh6+ Nxh6 44. Bh3 Qxg3+ 45. Kxg3 Kg7 46. Re7+ 1-0

[Event "Grundfos Young Masters"]
[Site "Aarhus"]
[Date "2005.08.15"]
[Round "3"]
[White "Kuzubov, Yuriy"]
[Black "Korobov, Anton"]
[Result "1/2-1/2"]
[WhiteElo "2535"]
[BlackElo "2554"]
[PlyCount "21"]
[EventDate "2005.08.14"]
[EventType "tourn"]
[EventRounds "9"]
[EventCountry "DEN"]
[EventCategory "10"]
[SourceTitle "CBM 107 Extra"]
[Source "ChessBase"]
[SourceDate "2005.09.01"]

1. c4 e5 2. g3 Nc6 3. Nc3 g6 4. Bg2 Bg7 5. d3 d6 6. e3 f5 7. Nge2 Nf6 8. O-O
O-O 9. Rb1 Be6 10. Nd5 Bf7 11. Nxf6+ 1/2-1/2

[Event "Grundfos Young Masters"]
[Site "Aarhus"]
[Date "2005.08.17"]
[Round "5"]
[White "Kuzubov, Yuriy"]
[Black "Bogner, Sebastian"]
[Result "1/2-1/2"]
[WhiteElo "2535"]
[BlackElo "2361"]
[PlyCount "115"]
[EventDate "2005.08.14"]
[EventType "tourn"]
[EventRounds "9"]
[EventCountry "DEN"]
[EventCategory "10"]
[SourceTitle "CBM 107 Extra"]
[Source "ChessBase"]
[SourceDate "2005.09.01"]

1. d4 Nf6 2. c4 g6 3. Nc3 Bg7 4. e4 d6 5. Be2 O-O 6. Bg5 Na6 7. Nf3 h6 8. Bf4
e5 9. dxe5 Nh5 10. Be3 dxe5 11. Qc1 Kh7 12. O-O c6 13. Rd1 Qe7 14. g3 Nf6 15.
Qc2 Bg4 16. a3 Bxf3 17. Bxf3 Nc7 18. b4 Ne6 19. Na4 b6 20. c5 b5 21. Nb2 Rfd8
22. a4 a6 23. Be2 h5 24. axb5 axb5 25. Rxa8 Rxa8 26. Rd6 Qc7 27. f3 Bf8 28. Rd1
Bh6 29. Bf2 Rd8 30. Qc3 Rxd1+ 31. Bxd1 Ne8 32. Nd3 f6 33. h4 Qd7 34. Bb3 N8g7
35. Ba2 Nc7 36. Qb3 Nge6 37. Kf1 Bg7 38. Be3 Qd8 39. Ke2 Bh6 40. Bf2 Qd7 41.
Kd1 Qg7 42. Qa3 g5 43. hxg5 Qxg5 44. Qb2 Qg7 45. Ke2 Ng5 46. Qa3 Nh3 47. Qa7
Nxf2 48. Kxf2 h4 49. g4 Qd7 50. Bb1 Kg6 51. Kg2 Qd8 52. Qa2 Qc8 53. Kh3 Ne6 54.
Qf2 Bg5 55. Qb2 Qd8 56. Qb3 Nd4 57. Qd1 Ne6 58. Kh2 1/2-1/2

[Event "Grundfos Young Masters"]
[Site "Aarhus"]
[Date "2005.08.14"]
[Round "1"]
[White "Kuzubov, Yuriy"]
[Black "Areshchenko, Alexander"]
[Result "1/2-1/2"]
[WhiteElo "2535"]
[BlackElo "2625"]
[PlyCount "27"]
[EventDate "2005.08.14"]
[EventType "tourn"]
[EventRounds "9"]
[EventCountry "DEN"]
[EventCategory "10"]
[SourceTitle "CBM 107 Extra"]
[Source "ChessBase"]
[SourceDate "2005.09.01"]

1. d4 Nf6 2. c4 g6 3. Nc3 Bg7 4. e4 d6 5. f3 O-O 6. Be3 Nc6 7. Nge2 a6 8. Nc1
e5 9. d5 Nd4 10. Nb3 Nxb3 11. axb3 c5 12. Be2 Nh5 13. g3 f5 14. Qd2 1/2-1/2